PR-SOF-1422-DESIGN AND IMPLEMENTATION OF HAND HELD GROUND CONTROL STATION-GCS FOR UAV'A (Record no. 577828)
[ view plain ]
| 000 -LEADER | |
|---|---|
| fixed length control field | 00434nam a22001217a 4500 |
| 082 ## - DEWEY DECIMAL CLASSIFICATION NUMBER | |
| Classification number | 220 PRO |
| 100 ## - MAIN ENTRY--PERSONAL NAME | |
| Personal name | MUHAMMAD AMMAR HAFEEZ, NARESH KUMAR, RAJA ABDUL MANAN, SARDAR MUHAMMAD ALI |
| 9 (RLIN) | 71139 |
| 245 ## - TITLE STATEMENT | |
| Title | PR-SOF-1422-DESIGN AND IMPLEMENTATION OF HAND HELD GROUND CONTROL STATION-GCS FOR UAV'A |
| 260 ## - PUBLICATION, DISTRIBUTION, ETC. | |
| Place of publication, distribution, etc. | ISLAMABD |
| Name of publisher, distributor, etc. | NUST COLLEGE OF EME |
| Date of publication, distribution, etc. | 2015 |
| 650 ## - SUBJECT ADDED ENTRY--TOPICAL TERM | |
| Topical term or geographic name entry element | DE-ELECT-33 |
| 9 (RLIN) | 71140 |
| 700 ## - ADDED ENTRY--PERSONAL NAME | |
| Personal name | DR FAHAD MUMTAZ MALIK |
| 9 (RLIN) | 17335 |
| 942 ## - ADDED ENTRY ELEMENTS (KOHA) | |
| Koha item type | Continuing Resources |
| Withdrawn status | Lost status | Damaged status | Not for loan | Permanent Location | Current Location | Shelving location | Date acquired | Total Checkouts | Full call number | Barcode | Date last seen | Price effective from | Koha item type |
|---|---|---|---|---|---|---|---|---|---|---|---|---|---|
| College of Electrical & Mechanical Engineering (CEME) | College of Electrical & Mechanical Engineering (CEME) | Reference | 12/05/2019 | 220 PRO | PR-SOF-1422 | 06/28/2021 | 06/28/2021 | Continuing Resources |
